• 首页
  • 本馆介绍
  • 公告通知
  • 最新文献
  • 馆藏检索
  • 电子资源
  • 读者导购
  • 参考咨询
  • 我的图书馆
  • 登录
  • 详细信息显示
  • 放入我的书架
  • 预约/预借图书
  • 作者相关作品
  • 分类相关作品
  • 丛书相关作品
  • 出版社相关作品

书目信息

  • 表格格式
  • 工作单格式
  • 卡片格式
题名:
全国法律硕士专业学位研究生入学联考考试指南
    
 
作者: ;全国法律硕士专业学位教育指导委员会组 编
分册:  
出版信息: 北京   中国人民大学出版社  2005
页数: 788页
开本: 26cm
丛书名:
单 册:
中图分类: D9
科图分类:
主题词: 法律
电子资源:
ISBN: 7-300-04863-3
000 00822nam0 2200205 450
001 0750883689
005 20070727140935.12
010    @a7-300-04863-3@dCNY109.00
100    @a20070722d2005 km y0chiy0120 ea
101 0  @achi
102    @aCN@b110000
200 1  @a全国法律硕士专业学位研究生入学联考考试指南@Aquan guo fa lu shuo shi zhuan ye xue wei yan jiu sheng ru xue lian kao kao shi zhi nan@f全国法律硕士专业学位教育指导委员会组编@Fquan guo fa lu shuo shi zhuan ye xue wei jiao yu zhi dao wei yuan hui zu bian
205    @a6版
210    @a北京@c中国人民大学出版社@d2005
215    @a788页@d26cm
606 0  @a法律
690    @aD9@v3
711 02 @a全国法律硕士专业学位教育指导委员会组@Aquan guo fa lu shuo shi zhuan ye xue wei jiao yu zhi dao wei yuan hui zu@4编
801  0 @aCN@bPFT@c20070727
905    @a10447@dD9@e371=6
    
    全国法律硕士专业学位研究生入学联考考试指南/全国法律硕士专业学位教育指导委员会组编.-6版.-北京:中国人民大学出版社,2005
    788页;26cm
    
    
    ISBN 7-300-04863-3:CNY109.00
    
●
相关链接 在E读中查询图书 在五车中查询图书 在当当中查询图书 在豆瓣中查询图书


正题名:全国法律硕士专业学位研究生入学联考考试指南     索取号:D9/371=6         预约/预借

序号 登录号 条形码 馆藏地/架位号 状态 备注
1 0778549   207785495   第一样本阅览室/ [索取号:D9/371=6] 在馆    
2 0787884   207878849   密集书库/ [索取号:D9/371=6] 在馆    
唐山师范学院图书馆 欢迎您!
大连网信软件有限公司© 版权所有